BSOP header

Understanding values / (Record no. 6810)

MARC details
000 -LEADER
fixed length control field 00441nam a2200181 4500
008 - FIXED-LENGTH DATA ELEMENTS--GENERAL INFORMATION
fixed length control field 020530s1980 ph engQU
020 ## - INTERNATIONAL STANDARD BOOK NUMBER
International Standard Book Number 9711000687
100 1# - MAIN ENTRY--PERSONAL NAME
Personal name Tomas, Andres D.
245 10 - TITLE STATEMENT
Title Understanding values /
Statement of responsibility, etc Tomas D. Andres
260 ## - PUBLICATION, DISTRIBUTION, ETC. (IMPRINT)
Place of publication, distribution, etc Quezon City :
Name of publisher, distributor, etc New Day,
Date of publication, distribution, etc c1980.
300 ## - PHYSICAL DESCRIPTION
Extent 167 p.;
Dimensions 23cm.
336 ## - CONTENT TYPE
Content Type Term text
337 ## - MEDIA TYPE
Media Type Term unmediated
338 ## - CARRIER TYPE
Carrier Type Term volume
650 #4 - SUBJECT ADDED ENTRY--TOPICAL TERM
Topical term or geographic name as entry element Man.
650 #4 - SUBJECT ADDED ENTRY--TOPICAL TERM
Topical term or geographic name as entry element Values.
942 ## - ADDED ENTRY ELEMENTS (KOHA)
Source of classification or shelving scheme Library of Congress Classification
Item type Books
Holdings
Withdrawn status Lost status Source of classification or shelving scheme Damaged status Not for loan Home library Current library Shelving location Date acquired Source of acquisition Inventory number Shelving control number Total Checkouts Full call number Barcode Date last seen Copy number Price effective from Koha item type
    Library of Congress Classification     BSOP Library BSOP Library Filipiniana 12/21/2000 Donated by Dr. Carroll Herrmann 11634 127   BD232 An2 c.2 00016610 02/23/2013 c.2 02/23/2013 Books
BSOP

Biblical Seminary of the Philippines
  All rights Reserved
  © 2024

CONTACT INFORMATION

Biblical Seminary of the Philippines,
  77-B Karuhatan Road, Valenzuela City,
  PHILIPPINES 1441
  Phone: +632 8292-6795 / 8292-6798
  Fax : +632 8292-6675
  Email: library@bsop.edu.ph